Vzdelávacie služby vysokých škôl a dištančné vzdelávanie

Inovácia vzdelávacích aktivít vysokých škôl. Rozvoj vzdelávacích služieb pre verejnosť - služieb celoživotného vzdelávania. Možnosti využitia technológie dištančného vzdelávania v procese vývoja a inovácie týchto služieb.

Guardado en:
Detalles Bibliográficos
Autor principal: Lavrin, A.
Formato: Capítulo de libro
Lenguaje:eslovaco
Materias:
Etiquetas: Agregar Etiqueta
Sin Etiquetas, Sea el primero en etiquetar este registro!

MARC

LEADER 00000naa a2200000 4500
001 r027140
005 20230919102403.4
041 0 |a slo 
044 |a CZ 
245 1 0 |a Vzdelávacie služby vysokých škôl a dištančné vzdelávanie  |c A. Lavrin 
520 |a Inovácia vzdelávacích aktivít vysokých škôl. Rozvoj vzdelávacích služieb pre verejnosť - služieb celoživotného vzdelávania. Možnosti využitia technológie dištančného vzdelávania v procese vývoja a inovácie týchto služieb. 
610 2 0 |a školy vysoké 
610 2 0 |a vzdelanie vysokoškolské 
610 2 0 |a štúdium dištančné 
610 2 0 |a služby 
610 2 0 |a vzdelávanie 
610 2 0 |a programy študijné 
610 2 0 |a vzdelávanie permanentné 
610 2 0 |a vzdelávanie ďalšie 
100 1 |a Lavrin, A.